00453nam a2200157Ia 4500003000400000008004100004040001600045082001700061100004100078245007100119260004800190300001100238490000500249650001100254650003000265GCL140319s9999 xx 000 0 ara d aGCL / cGCL04a415.1bا ن1 aمحمد ابوالفتوح شريف10aالنحو الجامعى / cمحمد ابوالفتوح شريف a[S.N] : bمكتبة الشباب ، c1978 a253 ص a04aنحو04aاللغة العربية